| 000 | 01529nam a2200373 a 4500 | ||
|---|---|---|---|
| 001 | ebr10382794 | ||
| 003 | CaPaEBR | ||
| 006 | m u | ||
| 007 | cr cn||||||||| | ||
| 008 | 100609r20041973dcu sb 001 0 eng d | ||
| 010 | _z 56003628 | ||
| 020 | _z9780813214016 | ||
| 020 | _z0813200660 | ||
| 020 | _z0813214017 (pbk.) | ||
| 020 | _z9780813211664 (e-book) | ||
| 040 |
_aCaPaEBR _cCaPaEBR |
||
| 035 | _a(OCoLC)647919809 | ||
| 041 | 1 |
_aeng _hlat |
|
| 050 | 1 | 4 |
_aBR65.C342 _bE54 2004eb |
| 100 | 0 |
_aCaesarius, _cof Arles, Saint, _d470?-542. |
|
| 245 | 1 | 0 |
_aSermons. _nVolume III, _p(187-238) _h[electronic resource] / _ctranslated by Sister Mary Magdeleine Mueller. |
| 260 |
_aWashington, D.C. : _bCatholic University of America Press in association with Consortium Press, _c2004, c1973. |
||
| 300 | _aviii, 303 p. | ||
| 490 | 1 |
_aThe fathers of the church : a new translation ; _vv. 66 |
|
| 500 | _aFirst paperback reprint. | ||
| 504 | _aIncludes bibliographical references and indexes. | ||
| 533 |
_aElectronic reproduction. _bPalo Alto, Calif. : _cebrary, _d2013. _nAvailable via World Wide Web. _nAccess may be limited to ebrary affiliated libraries. |
||
| 650 | 0 |
_aSermons, Latin _vTranslations into English. |
|
| 655 | 7 |
_aElectronic books. _2local |
|
| 700 | 1 | _aMueller, Mary Magdeleine. | |
| 710 | 2 | _aebrary, Inc. | |
| 830 | 0 |
_aFathers of the church ; _vv. 66. |
|
| 856 | 4 | 0 |
_uhttp://site.ebrary.com/lib/rucke/Doc?id=10382794 _zAn electronic book accessible through the World Wide Web; click to view |
| 999 |
_c103635 _d103635 |
||